000 00582nam a2200205Ia 4500
003 OSt
005 20230328151515.0
008 210423s2007 xx 000 0 und d
020 _a9781412937740
040 _cAL
041 _aeng
082 _a302.232 KNAH
100 _aKNAPP (Herschel).
_979128
245 _aTherapeutic communication: developing professional skills.
260 _aNew Delhi
_bSage Publications
_c2007
300 _axvii,285
_bPB
365 _b1900
_cINR
906 _acommunication: ; developing ; professional ; skills. ; Therapeutic
942 _2ddc
_cBK
999 _c156258
_d156258